000 00767nam a2200253 i 4500
001 bg
100 1 _aRAJSKI, Aleksander
245 1 0 _aZoologia.
_nT.1,
_pCzęść ogólna /
_cAleksander Rajski.
250 _aWyd. 6.
260 _aWarszawa :
_bWydaw. Naukowe PWN,
_c1997.
300 _a589, [3] s., [12] s. tabl. kolor. :
_bfaks., fot., mapy, portr., rys. (w tym kolor.), wykr. ;
_c24 cm.
504 _aBibliogr. przy rozdz. - Indeksy.
650 9 _aZoologia
655 _aPodręczniki akademickie
020 _a8301061820 (t. 1)
020 _a8301061812 (2 t.)
040 _cBPK
041 0 _apl
080 _a59(075.8)
920 _a83-01-06182-0 (t. 1)
920 _a83-01-06181-2 (2 t.)
942 _cKS
008 s pl f |000 0 pol
999 _c37014
_d37014
856 _uhttp://koha.tu.koszalin.pl/cgi-bin/koha/opac-detail.pl?biblionumber=37014
_yKatalog online BPK